[Event "Schleswig Holstein-ch Seniors"]
[Site "Hanerau"]
[Date "2015.04.01"]
[Round "6"]
[White "Dietz, Lukas"]
[Black "Sievers, Claus Dieter"]
[Result "0-1"]
[WhiteElo "931"]
[BlackElo "1193"]
[PlyCount "84"]
[EventDate "2015.03.28"]
[EventType "swiss"]
[EventRounds "9"]
[EventCountry "GER"]
[SourceTitle "EXT 2018"]
[Source "ChessBase"]
[SourceDate "2017.10.13"]
[SourceVersion "1"]
[SourceVersionDate "2017.10.13"]
[SourceQuality "1"]

1. e4 e5 2. Nc3 Bb4 3. Nf3 Nc6 4. Bc4 Nf6 5. d3 0-0 6. a3 Bxc3+ 7. bxc3 d6 8. 0-0 a6 9. Bg5 b5 10. Bd5 Bd7 11. d4 Rb8 12. Bxc6 Bxc6 13. dxe5 dxe5 14. Qe2 Qe7 15. Rab1 Qe6 16. Nd2 Rfd8 17. Rfd1 h6 18. Bxf6 Qxf6 19. Qh5 Qf4 20. Nf3 Rxd1+ 21. Rxd1 Bxe4 22. Nxe5 Re8 23. Nf3 Bxf3 24. gxf3 Qc4 25. Rd3 Qc6 26. Qg4 Qb6 27. Kf1 Qe6 28. Re3 Qc6 29. Qb4 Rxe3 30. fxe3 Qxf3+ 31. Ke1 Qh1+ 32. Ke2 Qxh2+ 33. Kd3 Qd6+ 34. Qxd6 cxd6 35. c4 h5 36. cxb5 axb5 37. c4 bxc4+ 38. Kxc4 h4 39. a4 h3 40. a5 h2 41. a6 h1Q 42. a7 Qa8 0-1

[Event "Schleswig Holstein-ch Seniors"]
[Site "Hanerau"]
[Date "2015.03.31"]
[Round "5"]
[White "Sievers, Claus Dieter"]
[Black "Carstens, Hans Henning"]
[Result "1-0"]
[WhiteElo "1193"]
[BlackElo "1432"]
[PlyCount "141"]
[EventDate "2015.03.28"]
[EventType "swiss"]
[EventRounds "9"]
[EventCountry "GER"]
[SourceTitle "EXT 2018"]
[Source "ChessBase"]
[SourceDate "2017.10.13"]
[SourceVersion "1"]
[SourceVersionDate "2017.10.13"]
[SourceQuality "1"]

1. f4 d5 2. d4 Nf6 3. e3 Bg4 4. Be2 Bxe2 5. Qxe2 c6 6. Nf3 e6 7. 0-0 Nbd7 8. Nc3 Bb4 9. Bd2 Bxc3 10. Bxc3 b6 11. Be1 0-0 12. c3 Qc7 13. Ne5 Rac8 14. Nxd7 Qxd7 15. Bf2 Ne4 16. Rac1 c5 17. a3 c4 18. Bh4 Kh8 19. Rf3 g6 20. g4 f5 21. g5 b5 22. Rff1 a5 23. Ra1 Qe7 24. Be1 Qg7 25. Rf3 Rc7 26. Rf1 Rb8 27. Qg2 Nd6 28. Qe2 Kg8 29. Qc2 Kf7 30. Qf2 Rh8 31. Qg2 h6 32. h4 hxg5 33. Qxg5 Ne4 34. Qg2 Rh5 35. Rf3 Rc8 36. Rh3 Rch8 37. Qh2 Nf6 38. Qh1 a4 39. Kf1 Qh6 40. Ke2 Ne4 41. Kf3 g5 42. Ke2 g4 43. Rh2 g3 44. Rg2 Rxh4 45. Qf1 Qh5+ 46. Qf3 Rh2 47. Qxh5+ R8xh5 48. Kf3 Rxg2 49. Kxg2 Rh2+ 50. Kf3 g2 51. Bf2 Nxf2 52. Kxf2 g1B+ 53. Kxg1 Rxb2 54. Kf1 Rb3 55. Ke2 Rxc3 56. Kd2 Rb3 57. Ra2 c3+ 58. Kc2 Rb2+ 59. Rxb2 cxb2 60. Kxb2 Ke7 61. Kc3 Kd6 62. Kb4 Kc6 63. Ka5 b4 64. Kxb4 Kb6 65. Kxa4 Ka6 66. Kb4 Kb6 67. a4 Kc6 68. a5 Kd6 69. Kb5 Kd7 70. Kb6 Kc8 71. Kc6 1-0